In bloom : growing, harvesting and arranging flowers all year round

Bibliographic Details
Main Author: Nolan, Clare
Format: Book
Published: London : Kyle Books , 2019
Subjects:

MARC

LEADER 00000cam a2200000 7i4500
001 0000278000
005 20210315101803.0
020 |a 9780857833051 
090 0 0 |a 635.9   |b NOL 
100 1 |a Nolan, Clare 
245 1 0 |a In bloom :   |b growing, harvesting and arranging flowers all year round   |c Clare Nolan 
260 |a London :   |b Kyle Books ,   |c 2019 
300 |a 272p. ;   |c 25cm. 
650 0 |a Flower arrangement 
650 0 |a Flower gardening 
999 |a 00384609   |b BUKU   |c PINJAMAN   |e PERPUSTAKAAN KOMUNITI PETALING JAYA